000 00863nam a2200253 a 4500
001 000011253
003 DO-SdBNP
005 20230503103243.0
008 091015s1979 dr 000 0 spa d
020 _a8484010236
040 _aDO-SdBNP
_bspa
_cBPMSU
082 _a972.94
_bD717m 1979
_222
100 1 _aDorsainvil, Jean Crisostome
_d1880-1942.
245 1 0 _aManual de historia de Haití /
_cJean Crisostome Dorsainvil; prólogo Hermano Archange.
260 _aSanto Domingo :
_bEditora de Santo Domingo,
_c1979.
300 _a342 p. ;
_c23 cm.
490 0 _aCultura dominicana
_aSociedad Dominicana de Bibliófilos ;
_v30
590 _6Inventariado, 2023/VM
651 4 _aHaití
_xHistoria
651 4 _aHaití
_xPolítica y gobierno
_xHistoria
700 1 _aArchange, Hermano
_epról.
910 _a VMateo V. Control de calidad (BPMSU)
942 _2ddc
_cBK
999 _c14386
_d14386